| 000 | 00779nam a22002538a 4500 | ||
|---|---|---|---|
| 001 | 12720 | ||
| 003 | BD-JhCC | ||
| 005 | 20230509082631.0 | ||
| 008 | 23 s2011 enk 000|0 eng|d | ||
| 015 | _2bnb | ||
| 020 | _a9780141044248 | ||
| 035 | _a(BD-JhCC)12720 | ||
| 040 |
_aStDuBDS _beng _cStDuBDS _dBD-JhCC |
||
| 082 | 0 | 4 |
_a509.05 _222 _bKAK 2011 |
| 100 | 1 | _aKaku, Michio. | |
| 245 | 1 | 0 |
_aPhysics of the future : _bhow science will shape human destiny and our daily lives by the year 2100 / _cMichio Kaku. |
| 260 |
_aLondon : _bPenguin Books, _c2011. |
||
| 263 | _a201105 | ||
| 300 |
_a389 p. : _c24 cm. |
||
| 650 | 0 |
_aDiscoveries in science _xForecasting. |
|
| 650 | 0 |
_aTechnological innovations _xForecasting. |
|
| 942 |
_2ddc _cBK |
||
| 999 |
_c12720 _d12720 |
||